Mechanické vlastnosti hybridních laminátů s uhlíkovými vlákny

Bibliographic Details
Main Authors: Chlupová, Alice (Author), Dymáček, Petr (Author)
Format: Article
Language:Slovak
PhysicalDescription:Grafy., sch., tab.
ISSN:0023-432X
Subjects:

MARC

LEADER 00000nab a2200000 a 4500
001 vtls000804529
003 SK-MaSNL
005 20260304133104.0
008 250429c2002 xo 0 slo
015 |a SNBRB2002/09-26477 
035 |a CLN000156184 
035 |a urn:nbn:sk:snk-abbvju 
035 |a (urnnbn)urn:nbn:sk:snk:ar-001hqo 
035 |a (uuid)0a0d0b23-ad54-4497-8b89-50dff49b587f 
040 |a SNKBUCL  |b slo  |c SNKBUCL  |e AACR2 
041 0 |a slo 
044 |a xo  |c SK 
080 |a 669.018.9-419:539.2/.5:620.17  |2 1997 
080 |a 620.17/.19  |2 1997 
080 |a 539.2/.5  |2 1997 
100 1 |a Chlupová, Alice  |4 aut  |9 1449582 
245 1 0 |a Mechanické vlastnosti hybridních laminátů s uhlíkovými vlákny  |c Alice Chlupová, Petr Dymáček 
300 |b Grafy., sch., tab. 
504 |a Res. angl., čes. 
504 |a Bibliogr. odkazy 
650 0 7 |a materiály kompozitné laminátové  |x vlákna uhlíkové  |x vlastnosti mechanické  |2 snkbucl  |9 1449583 
650 0 7 |a vlákna uhlíkové  |2 snkbucl  |9 968150 
655 7 |a články z novín a časopisov  |2 snkbucl  |9 267496 
700 1 |a Dymáček, Petr  |4 aut  |9 793322 
773 0 |t Kovové materiály  |g Roč. 40, č. 3 (2002), s. 195-208  |x 0023-432X 
850 |a Slovenská národná knižnica 
852 |a Slovenská národná knižnica 
958 |a article15 
958 |a OND 
958 |a NB 
958 |a RBX 
958 |a EUIPO 
999 |c 2900213  |d 2902143